000 00720nam a2200253Ia 4500
003 OSt
005 20220927110650.0
006 a|||||r|||| 00| 0
007 ta
008 220926b |||||||| |||| 00| 0 eng d
024 _a79793
037 _cReports
040 _aRTL
_cRTL
_beng
041 _2eng
_aeng
082 _a"X9:9-16.281.N58t4, J9"
110 _aINDIA LABOUR (BUREAU)
_9350942
245 0 _aReport on family living survey among industrial wo
260 _aDelhi
_bMOP India
_c1959
300 _a102p.
_ccm.
650 _aLabour Economics
700 _aINDIA LABOUR (BUREAU)
_9350944
942 _h"X9:9-16.281.N58t4, J9"
_cCC
999 _c697549
_d697549